Системы внутриреакторного контроля АЭС с реакторами ВВЭР

Бібліографічні деталі
Інші автори: Левин Г. Л. Геннадий Липпович
Мова:Російська
Опубліковано: Москва, Энергоатомиздат, 1987
Серія:Библиотека эксплуатационника АЭС
Предмети:
Формат: Книга
KOHA link:https://koha.lib.tpu.ru/cgi-bin/koha/opac-detail.pl?biblionumber=36477

MARC

LEADER 00000nam0a2200000 4500
001 36477
005 20231031001944.0
035 |a (RuTPU)RU\TPU\book\36950 
035 |a BOOK00003602 
090 |a 36477 
100 |a 20011210d1987 k y0rusy50 ca 
101 0 |a rus 
102 |a RU 
105 |a a z 001zy 
200 1 |a Системы внутриреакторного контроля АЭС с реакторами ВВЭР  |f Под ред. Г. Л. Левина 
210 |a Москва  |c Энергоатомиздат  |d 1987 
215 |a 125 с.  |c ил. 
225 1 |a Библиотека эксплуатационника АЭС 
320 |a Библиогр.: с. 125-126 (22 назв.). 
610 1 |a ядерные реакторы 
610 1 |a водо-водяные реакторы 
610 1 |a контроль 
610 1 |a атомные электрические станции 
610 1 |a эксплуатация 
610 1 |a монтаж 
675 |a 621.311.25:621.039.52  |v 3 
702 1 |a Левин  |b Г. Л.  |g Геннадий Липпович 
801 0 |a RU  |b 63413507  |c 20011210  |g PSBO 
801 2 |a RU  |b 63413507  |c 20091209  |g PSBO 
900 |a Спецкурс 72 
900 |a Системы внутриреакторного контроля 
900 |a Методы контроля технологических параметров ядерных энергетических установок 
942 |c BK